000 00304nam a22001337a 4500
003 SGT
020 _a978-81-8147-890-8
082 _a618.2
_bP05S
100 _aSTUDD, JOHN
245 _aPROGRESS IN OBSTETRICS AND GYNAECOLOGY -16
260 _aINDIA
_bELSEVIER
_c2005
300 _a431
942 _2ddc
_cBK
999 _c18217
_d18217